=LDR 00000nam 2200000 4500 =001 INLIS000000000810480 =005 20260202103448 =035 ##$$a 0010-0126000022 =007 ta =008 260202###########################0#ara## =082 ##$$a 297.072 =084 ##$$a 297.072 DIY s =100 #$$a Rico Diyar Hakim =245 1#$$a Jam'u shalat Jum'at ma‘a Ashari /$c Ustadz Luthfi Abdul Hamid =260 ##$:$b PIAT 7,$c 2025 =300 ##$$a 17 hlm ; $c 21 x 29,7 cm. =990 ##$$a 00000005243